000
00301nam a2200121 a 4500
005
20141022142002.0
008
120307s19uu xx 00 eng d
050
_a
CD
_b
J21 2006
100
_a
Jakeman, Vanessa
245
_a
Action plan for IELTS /
_c
Vanessa Jakeman.
260
_c
2006.
942
_c
AVM
999
_c
276341
_d
276341